| 000 | 00613nam a2200193 a 4500 | ||
|---|---|---|---|
| 001 | 000044014 | ||
| 005 | 20201002045108.0 | ||
| 008 | 140513s1981 enkae 000 0 spa d | ||
| 020 | _a0333279840 | ||
| 040 |
_aDO-SdBNP _bspa _cBNPHU |
||
| 082 |
_axxxx _bxxxx |
||
| 100 | 1 |
_aBrown, Richard _971989 |
|
| 245 | 1 | 0 |
_aTwentieth-Century Europe / _cRichard Brown, Christopher W Daniels. |
| 260 |
_a[Basingstoke] _aMacmillan Education, _c1981. |
||
| 300 |
_aviii, 120 p. : _bil., planos ; _c22 cm. |
||
| 490 | 1 | _aDocuments and debates | |
| 700 | 1 | 2 |
_aDaniels, Christopher W. _971990 |
| 830 | 0 |
_aDocuments and debates _971991 |
|
| 999 |
_c43503 _d43503 |
||